000 00357nam a2200121Ia 4500
005 20260326235452.0
008 260326s9999||||xx |||||||||||||| ||und||
100 _ade Gómez, M. Angela
245 0 _aHerencia Colonial en la Vida Rural Colombiana V /
_cM. Angela de Gómez
260 _bFondo Cultural Cafetero
650 _aARQUITECTURA COLONIAL
942 _cBK
999 _c7792
_d7792